Religion, politics and power in Northern Nigeria

Guardat en:
Dades bibliogràfiques
Autor principal: KUKAH, Matthew Hassan
Format: Llibre
Idioma:anglès
Publicat: Spectrum Books 2003
Etiquetes: Afegir etiqueta
Sense etiquetes, Sigues el primer a etiquetar aquest registre!

MARC

LEADER 00000nam a22000007a 4500
008 201221b ||||| |||| 00| 0 eng d
020 |a 978-029-481-3  
100 |a KUKAH, Matthew Hassan 
245 |a Religion, politics and power in Northern Nigeria  |c Matthew Hassan Kukah  |g 2003. xiii, 280p. 
260 |b Spectrum Books  |c 2003  |h Ibadan  |i 282521   |i 650718  |i 650719  |i 659798  |i 691843   |l BL65 .P7K95  |m Religion and politics – Nigeria, Northern  |m Religion and state – Nigeria, Northern.  |m Power (Social sciences) – Nigeria, Northern.  |m Nigeria, Northern – Politics and government.  
500 |a It includes bibliography and index 
942 |a lcc  |c BK  |e Kuteyi, M. A.  |f  21/12/2020 
952 |0 0  |1 0  |2 lcc  |4 0  |6 BL0065 P7 K95  |7 0  |9 1011  |a HOL  |b AC  |c AF  |d 2020-12-21  |l 0  |o BL65 .P7K95  |p 2020-230233  |r 2020-12-21 00:00:00  |w 2020-12-21  |y BK 
952 |0 0  |1 0  |2 lcc  |4 0  |6 BL0065 P7 K95  |7 0  |9 1012  |a HOL  |b ART  |c AF  |d 2020-12-21  |l 0  |o BL65 .P7K95  |p 2020-230234  |r 2020-12-21 00:00:00  |w 2020-12-21  |y BK 
952 |0 0  |1 0  |2 lcc  |4 0  |6 BL0065 P7 K95  |7 0  |9 1013  |a HOL  |b SSL  |c AF  |d 2020-12-21  |l 0  |o BL65 .P7K95  |p 2020-230235  |r 2020-12-21 00:00:00  |w 2020-12-21  |y BK 
952 |0 0  |1 0  |2 lcc  |4 0  |6 BL0065 P7 K95  |7 0  |9 1014  |a HOL  |b HOL  |c AF  |d 2020-12-21  |l 0  |o BL65 .P7K95  |p 2020-230236  |r 2020-12-21 00:00:00  |w 2020-12-21  |y BK 
952 |0 0  |1 0  |2 lcc  |4 0  |6 BL0065 P7 K95  |7 0  |9 1015  |a HOL  |b HOL  |c AF  |d 2020-12-21  |l 0  |o BL65 .P7K95  |p 2020-230237  |r 2020-12-21 00:00:00  |w 2020-12-21  |y BK 
999 |c 523  |d 523